000
00266nam a22001217a 4500
003
OSt
008
220613b ||||| |||| 00| 0 eng d
100
_a
GUPTA, S.K.
245
_a
True Management
260
_a
New Delhi
_b
Wiley
_c
2022
300
_a
60
942
_2
ddc
_c
BK
999
_c
11342
_d
11342